02679nam a2200253 4500001000800000005001700008007000300025008004100028040000800069041000800077100005300085245024100138246021300379300002200592520077600614520074501390650004102135650002002176650002602196650001702222650004102239650002602280773011902306ESSALUD20260701102548.0ta t pe ||||| |||| 00| 0 spa d aBMG aspa aValderrama Chevarría, José Guillermo eAutor a¿Es válido y obligatorio que el notario solicite la obtención del certificado médico para la formalización de actos y contratos?bCuando el Derecho Médico y el Derecho Civil se unen y brindan una adecuada e idónea respuesta aIs it valid and mandatory for a notary public to require a medical certificate for the execution of legal acts and contracts?bWhen Medical Law and Civil Law converge to provide a proper and suitable response apáginas 219-228 aActualmente, cuando una persona adulto mayor se apersona a una notaría, en muchas ocasiones no pude concluir, ni iniciar el acto y/o contrato que contiene la transmisión de sus derechos patrimoniales, por requerírsele la obtención y tramitación del certificado médico de salud mental. El autor se pregunta si es válida esta exigencia. Así, refiere que, al momento de solicitar el certificado médico, el notario no restringe el derecho de libre contratación, sino que más bien resguarda dicha voluntad, con un recaudo técnico que acredita que la persona solicitante ejerce su manifestación de voluntad plena y sin restricciones en resguardo de la fe pública. Por ello, considera que es válida la exigencia del mencionado certificado médico. aCurrently, when an elderly person appears before a notary, they are frequently unable to initiate or conclude acts and/or contracts involving the transfer of property rights due to the requirement to obtain a mental health certificate. The author questions the validity of this mandate. He posits that by requesting this medical certificate, the notary does not infringe upon the freedom of contract, but rather safeguards the declarant's intent through a technical document. This document verifies that the applicant is exercising their manifestation of willfully and without restriction, thereby upholding public trust (fides publica). Consequently, the author maintains that the requirement for said medical certificate is legally valid. aCERTIFICADO MÉDICO DE SALUD MENTAL aADULTOS MAYORES aFE PÚBLICA NOTARIAL aOLDER ADULTS aMEDICAL CERTIFICATE OF MENTOL HEALTH aNOTORIAL PUBLIC TRUST0 022573dLima Grupo Praxis Formación Profesional, 2026-oPRA001tPraxis Civil & Procesal CivilwESSALUDx3119-7671